[Event "Ayr op"]
[Site "Ayr"]
[Date "2023.05.20"]
[Round "2"]
[White "Sykes, Chris"]
[Black "Liu, Zizheng"]
[Result "1-0"]
[WhiteElo "1786"]
[BlackElo "1580"]
[PlyCount "51"]
[EventDate "2023.05.19"]
[EventType "swiss"]
[EventRounds "5"]
[EventCountry "SCO"]
[SourceTitle "EXT 2024"]
[Source "ChessBase"]
[SourceDate "2023.10.10"]
[SourceVersion "1"]
[SourceVersionDate "2023.10.10"]
[SourceQuality "1"]

1. d4 d5 2. Bf4 e6 3. Nd2 Nf6 4. e3 c5 5. c3 cxd4 6. exd4 Be7 7. Bd3 Nc6 8. Ngf3 Nh5 9. Bg3 Bd7 10. Ne5 Nxg3 11. Nxc6 bxc6 12. hxg3 c5 13. Nf3 cxd4 14. cxd4 Qa5+ 15. Kf1 Rb8 16. b3 Ba3 17. Kg1 Bb2 18. Qe1 Qc7 19. Rb1 Ba3 20. Ne5 Ke7 21. Qe3 Qc3 22. Nxd7 Rb7 23. Ne5 f6 24. Ng6+ hxg6 25. Rxh8 Rc7 26. Re1 1-0

[Event "Edinburgh Premier"]
[Site "Edinburgh"]
[Date "2016.04.08"]
[Round "1.5"]
[White "Sanchez Botella, Luis Javier"]
[Black "Sykes, Chris"]
[Result "1-0"]
[WhiteElo "2278"]
[BlackElo "1897"]
[PlyCount "75"]
[EventDate "2016.04.08"]
[EventType "swiss"]
[EventRounds "5"]
[EventCountry "SCO"]
[SourceTitle "EXT 2023"]
[Source "ChessBase"]
[SourceDate "2022.10.05"]
[SourceVersion "1"]
[SourceVersionDate "2022.10.05"]
[SourceQuality "1"]

1. e4 c6 2. d4 d5 3. e5 c5 4. dxc5 e6 5. Be3 Nh6 6. f4 Nf5 7. Bf2 Nc6 8. c3 d4 9. g4 Ne3 10. Bxe3 dxe3 11. Qxd8+ Kxd8 12. b4 Rb8 13. Bg2 Bd7 14. Nf3 h6 15. Nd4 Kc7 16. Na3 Nxd4 17. cxd4 Be7 18. Nc2 g5 19. fxg5 Bxg5 20. h4 Bf4 21. 0-0 Bg3 22. Nxe3 Rhf8 23. h5 Bh4 24. d5 Bb5 25. d6+ Kd7 26. Rfc1 Bg5 27. Rc3 Bf4 28. Nc4 Bxc4 29. Rxc4 Bxe5 30. Re1 f6 31. Bxb7 Bxd6 32. Rd4 Rxb7 33. Rxd6+ Kc7 34. a3 e5 35. Rf1 Rg8 36. Rfxf6 Rxg4+ 37. Kf2 Rh4 38. Rf7+ 1-0

[Event "Perth op"]
[Site "Perth"]
[Date "2016.02.21"]
[Round "4.3"]
[White "Sykes, Chris"]
[Black "Roberts, Paul"]
[Result "0-1"]
[WhiteElo "1915"]
[BlackElo "2173"]
[PlyCount "110"]
[EventDate "2016.02.19"]
[EventType "swiss"]
[EventRounds "5"]
[EventCountry "SCO"]
[SourceTitle "EXT 2023"]
[Source "ChessBase"]
[SourceDate "2022.10.05"]
[SourceVersion "1"]
[SourceVersionDate "2022.10.05"]
[SourceQuality "1"]

1. d4 Nf6 2. Nc3 d5 3. Bg5 Nbd7 4. Qd3 g6 5. Nf3 Bg7 6. 0-0-0 a6 7. e4 dxe4 8. Nxe4 Nxe4 9. Qxe4 Nf6 10. Qe3 h6 11. Bxf6 Bxf6 12. Ne5 Qd6 13. Bc4 Be6 14. Bxe6 Qxe6 15. Qb3 Qxb3 16. axb3 Rd8 17. c4 c5 18. f4 cxd4 19. Rhe1 e6 20. Re4 Ke7 21. Rexd4 Bxe5 22. fxe5 Rxd4 23. Rxd4 Rc8 24. Kc2 Rc5 25. Re4 f6 26. exf6+ Kxf6 27. Kd3 e5 28. b4 Rc7 29. c5 Rd7+ 30. Ke3 Ke6 31. Rc4 Kd5 32. b3 Rf7 33. g3 Rf1 34. h4 Re1+ 35. Kd2 Re4 36. Kd3 Rd4+ 37. Kc3 h5 38. c6 Rxc4+ 39. bxc4+ Kxc6 40. Kd3 Kd6 41. Ke3 b6 42. Kd3 Kc6 43. Ke4 a5 44. bxa5 bxa5 45. Kxe5 Kc5 46. Kf6 a4 47. Kxg6 a3 48. Kxh5 a2 49. g4 a1Q 50. g5 Qh8+ 51. Kg4 Kxc4 52. h5 Kd5 53. h6 Qh7 54. Kh5 Qf5 55. Kh4 Qg6 0-1

[Event "Perth op"]
[Site "Perth"]
[Date "2016.02.20"]
[Round "1.1"]
[White "Lauridsen, Jesper Morch"]
[Black "Sykes, Chris"]
[Result "1/2-1/2"]
[WhiteElo "2323"]
[BlackElo "1915"]
[PlyCount "63"]
[EventDate "2016.02.19"]
[EventType "swiss"]
[EventRounds "5"]
[EventCountry "SCO"]
[SourceTitle "EXT 2023"]
[Source "ChessBase"]
[SourceDate "2022.10.05"]
[SourceVersion "1"]
[SourceVersionDate "2022.10.05"]
[SourceQuality "1"]

1. e4 c6 2. d4 d5 3. exd5 cxd5 4. Nf3 Nc6 5. c4 Nf6 6. Nc3 Bg4 7. cxd5 Nxd5 8. Qb3 Bxf3 9. gxf3 e6 10. Qxb7 Nxd4 11. Bb5+ Nxb5 12. Qc6+ Ke7 13. Qxb5 Nxc3 14. bxc3 Rb8 15. Qe2 f6 16. 0-0 Kf7 17. Re1 Qd5 18. Bf4 Rb6 19. Rad1 Qc6 20. Rd8 Rg8 21. Red1 Be7 22. R8d7 Rb7 23. R7d3 Qc4 24. Qd2 g5 25. Bd6 Rd8 26. Rd4 Qc6 27. Qc2 f5 28. Bxe7 Rxd4 29. Rxd4 Kxe7 30. Qd3 Rd7 31. Qe3 Kf6 32. h4 1/2-1/2

[Event "London Classic CSC op U2000 7th"]
[Site "London"]
[Date "2015.12.06"]
[Round "4"]
[White "Sykes, Chris"]
[Black "O'Mahoney, Mike J"]
[Result "1-0"]
[WhiteElo "1916"]
[BlackElo "1862"]
[PlyCount "87"]
[EventDate "2015.12.04"]
[EventType "swiss"]
[EventRounds "5"]
[EventCountry "ENG"]
[SourceTitle "CBM 169 Extra"]
[Source "ChessBase"]
[SourceDate "2015.12.18"]
[SourceVersion "1"]
[SourceVersionDate "2015.12.18"]
[SourceQuality "1"]

1. d4 d5 2. Bf4 Bf5 3. c4 e6 4. Nc3 c6 5. Qb3 Qb6 6. c5 Qxb3 7. axb3 Na6 8. Na2 Nb8 9. e3 Nf6 10. Nc3 Be7 11. Nf3 Nbd7 12. b4 0-0 13. b5 Nh5 14. Bc7 Rfc8 15. bxc6 bxc6 16. Ba5 Rcb8 17. b4 h6 18. Kd2 Nhf6 19. Ba6 Ne4+ 20. Nxe4 Bxe4 21. Ra4 Nb6 22. Ra2 f6 23. Kc3 Bd8 24. Rha1 Be7 25. b5 Nc4 26. bxc6 Nxa5 27. Rxa5 Bd8 28. R5a3 Bc7 29. Bb7 a5 30. Bxa8 Rxa8 31. Rb3 Ra6 32. Rb7 Rxc6 33. Ne1 e5 34. f3 Bf5 35. Nd3 Bxd3 36. Kxd3 Kf8 37. Kc3 g5 38. Kb3 h5 39. Ka4 Bd8 40. Rd7 Ke8 41. Rxd5 exd4 42. exd4 Bc7 43. Re1+ Kf7 44. Kb5 1-0

[Event "London Classic CSC op U2000 7th"]
[Site "London"]
[Date "2015.12.05"]
[Round "3"]
[White "Munshi, Aditya"]
[Black "Sykes, Chris"]
[Result "0-1"]
[WhiteElo "1787"]
[BlackElo "1916"]
[PlyCount "72"]
[EventDate "2015.12.04"]
[EventType "swiss"]
[EventRounds "5"]
[EventCountry "ENG"]
[SourceTitle "CBM 169 Extra"]
[Source "ChessBase"]
[SourceDate "2015.12.18"]
[SourceVersion "1"]
[SourceVersionDate "2015.12.18"]
[SourceQuality "1"]

1. e4 c6 2. d4 d5 3. Nc3 dxe4 4. Nxe4 Nd7 5. Ng5 Ngf6 6. Bd3 e6 7. N1f3 h6 8. Nxe6 Qe7 9. 0-0 fxe6 10. Bg6+ Kd8 11. Re1 Ne8 12. c4 Qf6 13. Bxe8 Kxe8 14. d5 e5 15. dxc6 bxc6 16. Nxe5 Nxe5 17. f4 Be7 18. Rxe5 Kf7 19. Qe2 Bd6 20. Bd2 Bxe5 21. fxe5 Qe6 22. Rf1+ Ke8 23. Bb4 a5 24. Bd6 Ra7 25. Qh5+ Rf7 26. Rd1 Qg4 27. Bc7 Qxh5 28. Rd8+ Ke7 29. Rd2 Rhf8 30. Bd6+ Ke6 31. Bxf8 Qxe5 32. Rd6+ Qxd6 33. Bxd6 Kxd6 34. c5+ Ke5 35. g4 Bxg4 36. h3 Bxh3 0-1

[Event "Oban op"]
[Site "Oban"]
[Date "2015.11.22"]
[Round "4"]
[White "Birkett, Richard"]
[Black "Sykes, Chris"]
[Result "1-0"]
[WhiteElo "2061"]
[BlackElo "1876"]
[PlyCount "69"]
[EventDate "2015.10.20"]
[EventType "swiss"]
[EventRounds "5"]
[EventCountry "SCO"]
[SourceTitle "EXT 2023"]
[Source "ChessBase"]
[SourceDate "2022.10.05"]
[SourceVersion "1"]
[SourceVersionDate "2022.10.05"]
[SourceQuality "1"]

1. e4 c6 2. f4 d5 3. e5 c5 4. d4 Nh6 5. Nf3 Bg4 6. dxc5 e6 7. b4 Be7 8. Be2 0-0 9. Be3 Nf5 10. Bf2 f6 11. Nd4 Bxe2 12. Qxe2 Nxd4 13. Bxd4 Nc6 14. c3 fxe5 15. fxe5 Nxd4 16. cxd4 Rf4 17. Qd3 Re4+ 18. Kd1 Qe8 19. Nd2 Qa4+ 20. Qb3 Qxb3+ 21. Nxb3 Rf8 22. Re1 Ref4 23. Rc1 Rf2 24. Re2 Rf1+ 25. Kc2 R1f2 26. Kd3 Rxe2 27. Kxe2 b6 28. b5 bxc5 29. dxc5 Rc8 30. a4 Bd8 31. Nd4 Bg5 32. Rc2 Bf4 33. Nc6 Rxc6 34. bxc6 Bxe5 35. Rb2 1-0

[Event "Oban op"]
[Site "Oban"]
[Date "2015.11.22"]
[Round "5"]
[White "Sykes, Chris"]
[Black "Rutherford, William"]
[Result "1/2-1/2"]
[WhiteElo "1876"]
[BlackElo "2064"]
[PlyCount "43"]
[EventDate "2015.10.20"]
[EventType "swiss"]
[EventRounds "5"]
[EventCountry "SCO"]
[SourceTitle "EXT 2023"]
[Source "ChessBase"]
[SourceDate "2022.10.05"]
[SourceVersion "1"]
[SourceVersionDate "2022.10.05"]
[SourceQuality "1"]

1. d4 Nf6 2. Nc3 d5 3. Bg5 Bf5 4. Bxf6 gxf6 5. e3 e6 6. Bd3 Bxd3 7. Qxd3 c6 8. 0-0-0 Nd7 9. e4 dxe4 10. Nxe4 Qa5 11. Kb1 0-0-0 12. Qf3 Be7 13. Ne2 f5 14. Nd2 h5 15. Rhe1 Qd5 16. Nf4 Qxf3 17. Nxf3 Bf6 18. Nd3 Rdg8 19. g3 h4 20. Re2 hxg3 21. fxg3 b5 22. c3 1/2-1/2

[Event "Dundee & Angus op"]
[Site "Dundee"]
[Date "2014.10.11"]
[Round "4"]
[White "Sykes, Chris"]
[Black "Newton, Andrew"]
[Result "0-1"]
[WhiteElo "1849"]
[BlackElo "1936"]
[PlyCount "112"]
[EventDate "2014.10.10"]
[EventType "swiss"]
[EventRounds "5"]
[EventCountry "SCO"]
[SourceTitle "EXT 2017"]
[Source "ChessBase"]
[SourceDate "2016.10.25"]
[SourceVersion "1"]
[SourceVersionDate "2016.10.25"]
[SourceQuality "1"]

1. d4 c5 2. d5 e6 3. Nc3 exd5 4. Nxd5 Nc6 5. Nf3 Be7 6. Bf4 d6 7. Nxe7 Kxe7 8. Qd2 d5 9. 0-0-0 Be6 10. Qc3 Qa5 11. Qxg7 Qxa2 12. Qxh8 d4 13. Nd2 Qa1+ 14. Nb1 Ba2 15. Bg5+ Kf8 16. Bf6 Qxb1+ 17. Kd2 Qxb2 18. Qg7+ Ke8 19. Qxg8+ Kd7 20. Qg4+ Kc7 21. Qf4+ Kb6 22. Ke1 Nb4 23. f3 Qxc2 24. Qd2 Qf5 25. Qg5 Qe6 26. Bd8+ Kc6 27. Qf6 Rxd8 28. Qxd8 Nc2+ 29. Kf2 Qe3+ 30. Kg3 Qe5+ 31. Kh3 Be6+ 32. g4 f6 33. Qe8+ Kb6 34. Rb1+ Nb4 35. Qd8+ Kc6 36. Bg2 Nd5 37. Qe8+ Kc7 38. Rxb7+ Kxb7 39. Rb1+ Kc7 40. Qb8+ Kd7 41. Qb5+ Kd6 42. Qb8+ Kd7 43. Qb5+ Kd8 44. Qa5+ Ke8 45. Qa4+ Bd7 46. Qc2 Nf4+ 47. Kg3 Nd3+ 48. Kh4 Qxh2+ 49. Bh3 Qf2+ 50. Kh5 Nf4+ 51. Kh6 Qh4+ 52. Kg7 Qg5+ 53. Kh8 Ng6+ 54. Kg7 Ne5+ 55. Kxh7 Kf7 56. Qa2+ c4 0-1

[Event "Dundee & Angus op"]
[Site "Dundee"]
[Date "2014.10.11"]
[Round "2"]
[White "Sykes, Chris"]
[Black "Wynarczyk, Raymond"]
[Result "0-1"]
[WhiteElo "1849"]
[BlackElo "1953"]
[PlyCount "104"]
[EventDate "2014.10.10"]
[EventType "swiss"]
[EventRounds "5"]
[EventCountry "SCO"]
[SourceTitle "EXT 2017"]
[Source "ChessBase"]
[SourceDate "2016.10.25"]
[SourceVersion "1"]
[SourceVersionDate "2016.10.25"]
[SourceQuality "1"]

1. d4 d5 2. Bf4 Nf6 3. e3 Bg4 4. f3 Bf5 5. c4 e6 6. Qb3 b6 7. Nc3 Bd6 8. Bg5 c6 9. e4 h6 10. Bxf6 Qxf6 11. e5 Bxe5 12. dxe5 Qxe5+ 13. Nce2 Nd7 14. Qc3 dxc4 15. Qxe5 Nxe5 16. Nd4 Bd3 17. f4 0-0-0 18. fxe5 Rxd4 19. Nf3 Rd5 20. Bxd3 Rxd3 21. Rd1 Rhd8 22. Rxd3 Rxd3 23. Ke2 Rd5 24. Rd1 c5 25. b3 cxb3 26. axb3 Rxd1 27. Kxd1 Kc7 28. Kd2 Kc6 29. Kc3 b5 30. b4 Kb6 31. h4 cxb4+ 32. Kxb4 a5+ 33. Kb3 Kc5 34. Ka3 Kd5 35. Kb3 f6 36. exf6 gxf6 37. g4 Ke4 38. g5 fxg5 39. hxg5 hxg5 40. Nxg5+ Kd5 41. Nf3 e5 42. Ng1 Kd4 43. Ne2+ Kd3 44. Nc1+ Kd2 45. Kb2 a4 46. Na2 Kd3 47. Nc3 Kc4 48. Nd1 e4 49. Nc3 e3 50. Ne2 Kd3 51. Nf4+ Kd2 52. Ng2 b4 0-1

[Event "EU-Cup 29th"]
[Site "Rhodes"]
[Date "2013.10.25"]
[Round "6.6"]
[White "Mirza, Gabriel"]
[Black "Sykes, Chris"]
[Result "1-0"]
[WhiteElo "1735"]
[BlackElo "1925"]
[PlyCount "109"]
[EventDate "2013.10.20"]
[EventType "team-swiss"]
[EventRounds "7"]
[EventCountry "GRE"]
[SourceTitle "CBM 157"]
[Source "ChessBase"]
[SourceDate "2013.11.12"]
[SourceVersion "1"]
[SourceVersionDate "2013.11.12"]
[SourceQuality "1"]
[WhiteTeam "Adare"]
[BlackTeam "Edinburgh"]
[WhiteTeamCountry "IRL"]
[BlackTeamCountry "SCO"]

1. Nf3 d5 2. c4 dxc4 3. Na3 Qd5 4. Qa4+ Qc6 5. Qxc4 Qxc4 6. Nxc4 Nc6 7. a3 Be6 8. e3 h6 9. b4 a6 10. Bb2 Nf6 11. d4 g6 12. Bd3 Bg7 13. Ncd2 Nb8 14. Rc1 c6 15. 0-0 0-0 16. h3 Nd5 17. Rfe1 Nd7 18. Kh2 g5 19. g3 g4 20. hxg4 Bxg4 21. e4 N5b6 22. Nh4 Nf6 23. f3 Bd7 24. Nb3 Na4 25. Ba1 Rad8 26. Na5 Bc8 27. Nc4 Nh5 28. e5 Be6 29. Nf5 Rd7 30. Nfe3 b5 31. Bc2 f6 32. g4 Nf4 33. Rcd1 fxe5 34. dxe5 Nd5 35. Bxa4 bxa4 36. Kg3 Rfd8 37. f4 Nxe3 38. Nxe3 Rd3 39. Kf3 Bd5+ 40. Kg3 Rxa3 41. Kh4 Rb3 42. Nf5 Kf8 43. Nd4 Rxb4 44. Nxc6 Bxc6 45. Rxd8+ Be8 46. f5 a3 47. Kg3 a5 48. Re3 a4 49. Rxa3 Rb1 50. Bd4 Rd1 51. Kf4 Rc1 52. Rxa4 Rd1 53. Raa8 Rxd4+ 54. Rxd4 Kf7 55. Ra7 1-0

[Event "EU-Cup 29th"]
[Site "Rhodes"]
[Date "2013.10.21"]
[Round "2.6"]
[White "Winkels, Marcel"]
[Black "Sykes, Chris"]
[Result "0-1"]
[WhiteElo "2002"]
[BlackElo "1925"]
[PlyCount "60"]
[EventDate "2013.10.20"]
[EventType "team-swiss"]
[EventRounds "7"]
[EventCountry "GRE"]
[SourceTitle "CBM 157"]
[Source "ChessBase"]
[SourceDate "2013.11.12"]
[SourceVersion "1"]
[SourceVersionDate "2013.11.12"]
[SourceQuality "1"]
[WhiteTeam "Voerendaal"]
[BlackTeam "Edinburgh"]
[WhiteTeamCountry "NED"]
[BlackTeamCountry "SCO"]

1. e4 c6 2. d4 d5 3. f3 e6 4. Nc3 Bb4 5. Bd2 Nf6 6. e5 Nfd7 7. f4 a6 8. Nf3 c5 9. a3 Bxc3 10. Bxc3 Nc6 11. Qd2 Qe7 12. Be2 0-0 13. 0-0-0 b5 14. dxc5 Nxc5 15. Nd4 Qc7 16. Bf3 Nxd4 17. Qxd4 a5 18. f5 b4 19. axb4 axb4 20. Qxb4 Ra4 21. Rhe1 Rxb4 22. Bxb4 Rd8 23. Kb1 Ba6 24. Re3 Rb8 25. Ba3 Na4 26. fxe6 fxe6 27. Bg4 Nc3+ 28. Rxc3 Qxc3 29. Bxe6+ Kh8 30. Bxd5 Qxa3 0-1

[Event "Dundee & Angus op"]
[Site "Dundee"]
[Date "2013.10.12"]
[Round "3"]
[White "Durno, Joy"]
[Black "Sykes, Chris"]
[Result "0-1"]
[WhiteElo "1734"]
[BlackElo "1934"]
[PlyCount "45"]
[EventDate "2013.10.11"]
[EventType "swiss"]
[EventRounds "5"]
[EventCountry "SCO"]
[SourceTitle "EXT 2017"]
[Source "ChessBase"]
[SourceDate "2016.10.25"]
[SourceVersion "1"]
[SourceVersionDate "2016.10.25"]
[SourceQuality "1"]

1. d4 f5 2. Nf3 e6 3. g3 Nf6 4. Bg2 d5 5. 0-0 Bd6 6. c4 c6 7. Nc3 0-0 8. Qc2 Nbd7 9. Bg5 Qe8 10. c5 Bc7 11. Bf4 e5 12. dxe5 Nxe5 13. Nxe5 Bxe5 14. Bxe5 Qxe5 15. e3 Be6 16. Ne2 Bf7 17. Rfe1 Nd7 18. Rac1 g5 19. Qc3 Qxc3 20. Rxc3 Rfe8 21. f3 g4 22. Kf2 Kg7 23. Nd4 0-1

[Event "Dundee & Angus op"]
[Site "Dundee"]
[Date "2010.10.16"]
[Round "3"]
[White "Sykes, Chris"]
[Black "McIntee, Christopher"]
[Result "1/2-1/2"]
[WhiteElo "1703"]
[BlackElo "1854"]
[PlyCount "94"]
[EventDate "2010.10.15"]
[EventType "swiss"]
[EventRounds "5"]
[EventCountry "SCO"]
[SourceTitle "EXT 2017"]
[Source "ChessBase"]
[SourceDate "2016.10.25"]
[SourceVersion "1"]
[SourceVersionDate "2016.10.25"]
[SourceQuality "1"]

1. d4 e6 2. Nf3 f5 3. d5 Bd6 4. Nc3 Nf6 5. dxe6 dxe6 6. Bg5 0-0 7. e3 Kh8 8. Bc4 a6 9. a4 Nc6 10. 0-0 Qe8 11. Re1 Qh5 12. Bf4 e5 13. Bg3 f4 14. exf4 exf4 15. Bh4 Bg4 16. Bxf6 Rxf6 17. Bd5 Rh6 18. Bxc6 bxc6 19. Ne4 Bxf3 20. Qxf3 Qxh2+ 21. Kf1 Re8 22. Ke2 Rhe6 23. Kd3 Qh6 24. Nxd6 Rxd6+ 25. Kc4 Red8 26. c3 Qf6 27. Rad1 Qf7+ 28. Kb4 Rb8+ 29. Kc5 Qb3 30. Rxd6 Qb6+ 31. Kc4 cxd6 32. Qh5 Qd8 33. Qf7 Qg8 34. Qxg8+ Kxg8 35. b4 Kf7 36. Kd3 Rb7 37. Rh1 Kg8 38. Rh4 g5 39. Rh6 Rd7 40. Ke4 Kg7 41. Re6 h6 42. Re8 a5 43. Rc8 axb4 44. cxb4 c5 45. bxc5 dxc5 46. Rxc5 Rd2 47. Kf3 Ra2 1/2-1/2

[Event "SCO-ch"]
[Site "Edinburgh"]
[Date "2009.07.13"]
[Round "3"]
[White "Sykes, Chris"]
[Black "Berry, Neil"]
[Result "0-1"]
[WhiteElo "1929"]
[BlackElo "2313"]
[PlyCount "70"]
[EventDate "2009.07.11"]
[EventType "swiss"]
[EventRounds "9"]
[EventCountry "SCO"]
[SourceTitle "CBM 131 Extra"]
[Source "ChessBase"]
[SourceDate "2009.09.03"]
[SourceVersion "2"]
[SourceVersionDate "2009.09.16"]
[SourceQuality "1"]

1. d4 Nf6 2. Bf4 e6 3. e3 b6 4. Nf3 Bb7 5. Nbd2 Be7 6. Bd3 Nh5 7. Bg3 d6 8. c3 Nd7 9. Qc2 g6 10. e4 c5 11. dxc5 Nxc5 12. Bb5+ Kf8 13. 0-0-0 a6 14. Be2 b5 15. e5 Nxg3 16. hxg3 dxe5 17. Nxe5 Qc7 18. f4 Bd6 19. Bf3 Bxe5 20. fxe5 Qxe5 21. Bxb7 Nxb7 22. Nf3 Qe3+ 23. Kb1 Rd8 24. Rxd8+ Nxd8 25. Re1 Qc5 26. Ne5 Kg7 27. Qe4 f6 28. Rd1 Qxe5 29. Rd7+ Nf7 30. Qb7 Rf8 31. Qxa6 h5 32. Rb7 Qe4+ 33. Kc1 Rd8 34. Qxb5 Qe1+ 35. Kc2 Qd1# 0-1

[Event "Edinburg CC op 1st"]
[Site "Edinburgh"]
[Date "2009.06.07"]
[Round "7"]
[White "Roy, Ali"]
[Black "Sykes, Chris"]
[Result "0-1"]
[WhiteElo "1733"]
[BlackElo "1924"]
[PlyCount "108"]
[EventDate "2009.05.23"]
[EventType "swiss"]
[EventRounds "8"]
[EventCountry "SCO"]
[SourceTitle "CBM 130 Extra"]
[Source "ChessBase"]
[SourceDate "2009.07.02"]
[SourceVersion "2"]
[SourceVersionDate "2009.07.15"]
[SourceQuality "1"]

1. e4 c6 2. d4 d5 3. e5 c5 4. c3 Nc6 5. h3 Bf5 6. Bd3 Bxd3 7. Qxd3 e6 8. Nf3 cxd4 9. cxd4 Bb4+ 10. Nc3 Rc8 11. 0-0 Nge7 12. Bd2 Nf5 13. Ne2 Bxd2 14. Qxd2 Qa5 15. Qxa5 Nxa5 16. Rac1 Kd7 17. Rfd1 h6 18. Kf1 Rc6 19. Rxc6 Nxc6 20. Rc1 Rc8 21. a3 Na5 22. Rxc8 Kxc8 23. Nd2 Nc4 24. Nxc4 dxc4 25. g4 Ne7 26. Nc3 a6 27. a4 Nc6 28. Ne4 Nxd4 29. Nd6+ Kc7 30. Nxc4 Nf3 31. Kg2 Ne1+ 32. Kg3 Nd3 33. f4 Nc5 34. a5 f6 35. f5 fxe5 36. Nxe5 exf5 37. gxf5 Kd6 38. Nc4+ Kd5 39. Nd2 Ne4+ 40. Nxe4 Kxe4 41. Kg4 Ke5 42. h4 Ke4 43. b3 Ke5 44. b4 Ke4 45. f6 gxf6 46. Kh5 f5 47. Kxh6 f4 48. h5 f3 49. Kg7 f2 50. h6 f1Q 51. h7 Qg2+ 52. Kh8 Ke5 53. b5 Kf6 54. bxa6 Qg7# 0-1

[Event "Edinburg CC op 1st"]
[Site "Edinburgh"]
[Date "2009.06.06"]
[Round "6"]
[White "Sykes, Chris"]
[Black "Burnett, Andrew"]
[Result "0-1"]
[WhiteElo "1924"]
[BlackElo "2202"]
[PlyCount "68"]
[EventDate "2009.05.23"]
[EventType "swiss"]
[EventRounds "8"]
[EventCountry "SCO"]
[SourceTitle "CBM 130 Extra"]
[Source "ChessBase"]
[SourceDate "2009.07.02"]
[SourceVersion "2"]
[SourceVersionDate "2009.07.15"]
[SourceQuality "1"]

1. d4 c5 2. c3 d5 3. Nf3 Nc6 4. Bf4 Nf6 5. e3 Qb6 6. Qb3 c4 7. Qxb6 axb6 8. Na3 Ra5 9. Bc7 Nd7 10. e4 e6 11. exd5 exd5 12. Nc2 Ra6 13. Be2 Nf6 14. 0-0 Be6 15. Nd2 Kd7 16. Bg3 h5 17. b3 Bf5 18. Ne3 Bd3 19. Bxd3 cxd3 20. f3 Ba3 21. Rab1 h4 22. Be5 Ne7 23. Bxf6 gxf6 24. b4 b5 25. Ng4 Ng6 26. g3 hxg3 27. hxg3 f5 28. Nf2 f4 29. Nxd3 fxg3 30. Nc5+ Kd8 31. Nxa6 Nf4 32. Rfe1 Rh2 33. Re5 Nh3+ 34. Kf1 g2+ 0-1

[Event "Edinburg CC op 1st"]
[Site "Edinburgh"]
[Date "2009.05.24"]
[Round "2"]
[White "Sykes, Chris"]
[Black "Greet, Andrew"]
[Result "0-1"]
[WhiteElo "1924"]
[BlackElo "2431"]
[PlyCount "80"]
[EventDate "2009.05.23"]
[EventType "swiss"]
[EventRounds "8"]
[EventCountry "SCO"]
[SourceTitle "CBM 130 Extra"]
[Source "ChessBase"]
[SourceDate "2009.07.02"]
[SourceVersion "2"]
[SourceVersionDate "2009.07.15"]
[SourceQuality "1"]

1. d4 Nf6 2. Bf4 c5 3. e3 d5 4. c3 Nc6 5. Nd2 Bg4 6. Ngf3 e6 7. Qa4 Nd7 8. Bb5 Qb6 9. Ne5 Ndxe5 10. Bxe5 a6 11. Bxc6+ Qxc6 12. Qxc6+ bxc6 13. f3 Bf5 14. Kf2 f6 15. Bg3 Kd7 16. dxc5 Bxc5 17. b4 Bb6 18. c4 e5 19. c5 Bc7 20. e4 Be6 21. exd5 cxd5 22. Rab1 Rhb8 23. Ke2 Kc6 24. a3 a5 25. Rb3 axb4 26. axb4 Ra2 27. Rhb1 d4 28. R3b2 Rxb2 29. Rxb2 Ba5 30. Nb3 Bxb3 31. Rxb3 Rxb4 32. Ra3 Rb5 33. f4 e4 34. Ra2 Rxc5 35. Be1 d3+ 36. Kd1 Bxe1 37. Kxe1 e3 38. Kd1 e2+ 39. Kd2 Rc2+ 40. Rxc2+ dxc2 0-1

[Event "Perth op"]
[Site "Perth"]
[Date "2009.01.31"]
[Round "2"]
[White "Hulme, William"]
[Black "Sykes, Chris"]
[Result "1-0"]
[WhiteElo "1910"]
[BlackElo "1818"]
[PlyCount "57"]
[EventDate "2009.01.30"]
[EventType "swiss"]
[EventRounds "5"]
[EventCountry "SCO"]
[SourceTitle "EXT 2011"]
[Source "ChessBase"]
[SourceDate "2010.11.26"]
[SourceVersion "1"]
[SourceVersionDate "2010.11.26"]
[SourceQuality "1"]

1. d4 d5 2. c4 e5 3. dxe5 d4 4. Nf3 Nc6 5. g3 f6 6. exf6 Qxf6 7. Bg2 Bf5 8. 0-0 h6 9. Qa4 0-0-0 10. Bd2 g5 11. Na3 Kb8 12. Nb5 Bg7 13. Nfxd4 Rxd4 14. Bxc6 Qxc6 15. Qxa7+ Kc8 16. Nxd4 Bxd4 17. Qxd4 Bh3 18. f3 Rh7 19. Qd5 Qxd5 20. cxd5 Bxf1 21. Kxf1 Rd7 22. e4 c6 23. Rc1 Kb8 24. h4 gxh4 25. Bf4+ Ka7 26. dxc6 bxc6 27. Rxc6 h3 28. Rc7+ Rxc7 29. Bxc7 1-0

[Event "Dundee & Angus op"]
[Site "Dundee"]
[Date "2007.??.??"]
[Round "4"]
[White "Bremner, Adam"]
[Black "Sykes, Chris"]
[Result "0-1"]
[WhiteElo "1717"]
[BlackElo "1855"]
[PlyCount "58"]
[EventDate "2007.10.19"]
[EventType "swiss"]
[EventRounds "5"]
[EventCountry "SCO"]
[SourceTitle "EXT 2017"]
[Source "ChessBase"]
[SourceDate "2016.10.25"]
[SourceVersion "1"]
[SourceVersionDate "2016.10.25"]
[SourceQuality "1"]

1. e4 c6 2. d4 d5 3. e5 c5 4. c3 Nc6 5. Be3 cxd4 6. cxd4 e6 7. Nf3 Nge7 8. g4 Bd7 9. Nc3 h5 10. gxh5 Nf5 11. Bd3 Nxe3 12. fxe3 Rxh5 13. a3 Na5 14. b4 Nc4 15. Bxc4 dxc4 16. Qe2 Bc6 17. e4 b5 18. d5 Bd7 19. Qg2 Qb6 20. Ke2 g6 21. Ng5 Qd4 22. Qg3 Rxg5 23. Qxg5 Qxc3 24. d6 Qd3+ 25. Kf2 Qxe4 26. Rhf1 Qf5+ 27. Qxf5 exf5 28. Ke3 Rc8 29. Rad1 Bh6+ 0-1

[Event "East of Scotland"]
[Site "Grangemouth"]
[Date "2006.05.??"]
[Round "2"]
[White "Sykes, Chris"]
[Black "Dawson, Alastair G"]
[Result "0-1"]
[WhiteElo "1943"]
[BlackElo "1878"]
[PlyCount "54"]
[EventDate "2006.05.??"]
[EventType "swiss"]
[EventRounds "5"]
[EventCountry "SCO"]
[SourceTitle "EXT 2007"]
[Source "ChessBase"]
[SourceDate "2006.11.23"]
[SourceVersion "1"]
[SourceVersionDate "2006.11.23"]
[SourceQuality "1"]

1. d4 d6 2. e4 Nf6 3. Bd3 e5 4. c3 Nc6 5. d5 Ne7 6. Nf3 c5 7. b4 b6 8. bxc5 bxc5 9. Na3 Ng6 10. Nc4 Be7 11. Bg5 0-0 12. Qa4 Nxd5 13. exd5 Bxg5 14. Qc6 Bd7 15. Qxd6 e4 16. Nxg5 exd3 17. Nf3 Re8+ 18. Kd2 Re2+ 19. Kxd3 Qe8 20. Ne3 Bb5+ 21. c4 Bxc4+ 22. Kxc4 Qe4+ 23. Kb5 Qd3+ 24. Ka5 Qc3+ 25. Ka6 Rb2 26. Qc7 Qa3+ 27. Qa5 Rb6# 0-1

[Event "Edinburgh Premier"]
[Site "Edinburgh"]
[Date "2006.04.03"]
[Round "3"]
[White "Sykes, Chris"]
[Black "Neave, George"]
[Result "0-1"]
[WhiteElo "1943"]
[BlackElo "2117"]
[PlyCount "70"]
[EventDate "2006.03.31"]
[EventType "swiss"]
[EventRounds "5"]
[EventCountry "SCO"]
[SourceTitle "EXT 2023"]
[Source "ChessBase"]
[SourceDate "2022.10.05"]
[SourceVersion "1"]
[SourceVersionDate "2022.10.05"]
[SourceQuality "1"]

1. d4 Nf6 2. Bf4 g6 3. e3 Bg7 4. Nf3 d6 5. h3 0-0 6. Be2 Nbd7 7. Nbd2 Qe8 8. 0-0 e5 9. dxe5 dxe5 10. Bh2 Qe7 11. c3 Re8 12. Nc4 Ne4 13. Qc2 Nd6 14. Rad1 Nxc4 15. Bxc4 Nb6 16. Bb3 a5 17. a3 a4 18. Ba2 Be6 19. Bxe6 Qxe6 20. e4 f6 21. Rd3 Bf8 22. Rfd1 Be7 23. Nd2 Qf7 24. f4 Bc5+ 25. Kh1 Bd6 26. fxe5 Bxe5 27. Bxe5 Rxe5 28. Rd4 Rae8 29. Nf3 R5e7 30. Qd3 Kg7 31. Nd2 Rd7 32. Rxd7 Qxd7 33. Qxd7+ Nxd7 34. Nb3 Re7 35. Nd4 Nc5 0-1